000 00914cam a22002651 4500
001 rc 01002205
003 DLC
005 20260227111905.0
007 cr_|||||||||||
008 800910s1876 ohu 000 0 eng
010 _arc 01002205
035 _a(OCoLC)6694813
040 _aDLC
_cO
_dDLC
042 _apremarc
050 0 0 _aF497.L86
_bB7
100 1 _aBoynton, W. W.
_q(Washington Wallace),
_d1833-
245 1 4 _aThe early history of Lorain County.
_bAn address
_cby W. W. Boynton, delivered July 4, 1876, at Elyria, Ohio.
260 _aElyria, Ohio,
_bLorain County Agricultural Society
_c[1876]
300 _a35 p.
_c25 cm.
500 _aCover title.
530 _aAlso available in digital form on the Internet Archive Web site.
651 0 _aLorain County (Ohio)
_xHistory.
710 2 _aLorain County (Ohio) Agricultural Society.
856 4 1 _uhttp://hdl.loc.gov/loc.gdc/scd0001.00145744052
999 _c52262
_d52262